A Catalogue of the philosophical books and tracts written by the honourable Robert Boyle, Esq. : together with the order or time wherein each of them hath been publish'd respectively : to which is added a catalogue of the theological books written by the same.

Bibliographic Details
Format: eBook
Language:English
Published: London : Printed by Sam. Smith ..., 1690.
Series:Early English books online.
Subjects:
Online Access:Connect to the full text of this electronic book

MARC

Tag First Indicator Second Indicator Subfields
LEADER 00000nam a2200000Ia 4500
001 in00004296521
005 20200810081950.0
006 m g d
007 cr bn |||a|bb|
008 860206s1690 enk o 00| | eng d
035 |a (OCoLC)13112345 
040 |a EAG  |c EAG  |d WaOLN 
037 |a CL0037000055  |b ProQuest Information and Learning. 300 N. Zeeb Rd., Ann Arbor, MI 48106 
090 |a Z8112  |b .C37 
049 |a EAGA 
245 0 2 |a A Catalogue of the philosophical books and tracts written by the honourable Robert Boyle, Esq. :  |b together with the order or time wherein each of them hath been publish'd respectively : to which is added a catalogue of the theological books written by the same. 
260 |a London :  |b Printed by Sam. Smith ...,  |c 1690. 
300 |a 1 online resource ([2], 14 pages) 
336 |a text  |b txt  |2 rdacontent 
337 |a computer  |b c  |2 rdamedia 
338 |a online resource  |b cr  |2 rdacarrier 
500 |a Reproduction of original in the British Library. 
510 4 |a Wing  |c B3928A 
533 |a Electronic reproduction.  |b Ann Arbor, Mich. :  |c UMI,  |d 1999-  |f (Early English books online)  |n Digital version of: (Early English books, 1641-1700 ; 1544:13)  |7 s1999 miun s 
600 1 0 |a Boyle, Robert,  |d 1627-1691  |v Bibliography. 
830 0 |a Early English books online. 
856 4 0 |u http://proxy.library.tamu.edu/login?url=https://search.proquest.com/docview/2240866937  |z Connect to the full text of this electronic book  |t 0 
999 f f |s e4555bc9-0c32-3bbe-a4e8-4ce3ad95d941  |i 258f14a8-efcd-3256-be69-3ac3cbbe7426  |t 0 
952 f f |a Texas A&M University  |b College Station  |c Electronic Resources  |d Available Online  |t 0  |e Z8112 .C37  |h Library of Congress classification 
998 f f |a Z8112 .C37  |t 0  |l Available Online